Serie A Transfers 25/26 - Statistics

General Stats
  • This quiz has been taken 89 times
  • The average score is 28 of 59
Answer Stats
From To Fee Nation Answer % Correct
Chelsea Milan 37M France Christopher Nkunku
96%
Club Brugge Milan 36M Switzerland Ardon Jashari
83%
PSV Napoli 25M Netherlands Noa Lang
81%
Flamengo Roma 25M Brazil Wesley
74%
Parma Inter 23M France Ange-Yoan Bonny
72%
Brighton Milan 17M Ecuador Pervis Estupinan
72%
Bologna Napoli 31M Netherlands Sam Beukema
72%
Marseille Inter 23M Brazil Luis Henrique
70%
Lecce Atalanta 25M Montenegro Nikola Krstovic
70%
Torino Milan 23M Italy Samuele Ricci
70%
Lille Juventus 15M Kosovo Edon Zhegrova
68%
Genoa Milan 20M Belgium Koni de Winter
68%
Brighton Roma LOAN+3M Ireland Evan Ferguson
64%
Southampton Atalanta 17M Ghana Kamaldeen Sulemana
64%
Inter Atalanta 17M Poland Nicola Zalewski
64%
Marseille Milan 7M France Adrien Rabiot
62%
Lens Inter 20M France Andy Diouf
62%
Aston Villa Roma LOAN+3M Jamaica Leon Bailey
62%
Leipzig Juventus LOAN+3M Belgium Lois Openda
62%
Man United Napoli LOAN+6M Denmark Rasmus Hojlund
62%
Marseille Bologna 17M England Jonathan Rowe
60%
Udinese Napoli LOAN+9M Italy Lorenzo Lucca
60%
Zagreb Inter 14M Croatia Petar Sucic
55%
FC Porto Juventus 12M Portugal Joao Mario
53%
Man City Inter LOAN+1M Switzerland Manuel Akanji
53%
Zagreb Como 18M Croatia Martin Baturina
53%
Girona Napoli 18M Spain Miguel Gutierrez
53%
Leipzig Napoli LOAN+2M North Macedonia Eljif Elmas
51%
Celtic Como 19M Germany Nicolas Kuhn
51%
Torino Napoli LOAN+15M Serbia Vanja Milinkovic-Savic
51%
Milan Atalanta LOAN+4M USA Yunus Musah
51%
Lens Roma 23M Morocco Neil El Aynaoui
49%
Lille Juventus FREE Canada Jonathan David
47%
Brighton Fiorentina 6M Ghana Tariq Lamptey
47%
Real Madrid Milan FREE Croatia Luka Modric
45%
Sporting Torino 4M Uruguay Franco Israel
43%
Leicester City Cremonese FREE England Jamie Vardy
43%
Man City Napoli FREE Belgium Kevin de Bruyne
40%
Milan Como LOAN Spain Alvaro Morata
38%
Atalanta Pisa FREE Colombia Juan Cuadrado
38%
Fiorentina Pisa LOAN+1M Angola M'Bala Nzola
36%
Liverpool Roma LOAN Greece Kostas Tsimikas
34%
Galatasaray Udinese LOAN+2M Italy Nicolo Zaniolo
34%
AZ Como 14M Netherlands Jayden Addai
32%
Besiktas Bologna FREE Italy Ciro Immobile
26%
Hellas Verona Roma LOAN+2M Italy Daniele Ghilardi
26%
Fenerbahce Como LOAN+2M Brazil Diego Carlos
26%
Bologna Como LOAN+500k Austria Stefan Posch
26%
Toulouse Torino 8M Morocco Zakaria Aboukhlal
26%
Lyon Sassuolo FREE Serbia Nemanja Matic
23%
Galatasaray Hellas Verona LOAN+600K Denmark Victor Nelsson
23%
Toronto Bologna FREE Italy Federico Bernardeschi
21%
Southampton Hellas Verona LOAN+500k Germany Armel Bella-Kotchap
17%
Feyenoord Pisa LOAN Netherlands Calvin Stengs
17%
Hoffenheim Hellas Verona LOAN+500k Nigeria Gift Orban
17%
Wolfsburg Sassuolo LOAN Belgium Aster Vranckx
13%
Como Cagliari FREE Italy Andrea Belotti
11%
Burnley Sassuolo LOAN Kosovo Arijanet Muric
11%
Free Agent Pisa FREE Italy Raul Albiol
6%
No matching quizzes found
Score Distribution
Percent of People with Each Score
Percentile by Number Answered
Your Score History
You have not taken this quiz